000 00506nam a2200193Ia 4500
005 20181206140827.0
008 131103s9999 xx 000 0 und d
020 _cRs 90
040 _aLoreto College
041 _aEnglish
082 _a891.434
_bGUP
245 _aNibandh ebong Anya gadya vidhaye
_cEdited by Madhulata Gupta
260 _aKolkata
_bAnand Prakashan
_c2017
300 _a159 p.
_b24 cm.
650 _aHindi Essays
700 _aGupta, Madhulata,
_4ed.
850 _aLCLIB
942 _cBK
999 _c41820
_d92299